| 000 | 00863 a2200445 4500 | ||
|---|---|---|---|
| 000 | BKB | ||
| 001 | 071965 | ||
| 005 | 20200902151119.0 | ||
| 008 | |||
| 010 | _a | ||
| 020 | _a | ||
| 082 |
_a515.723 _bG74I |
||
| 100 | 1 | _aGoyal, M.C. | |
| 110 | _a | ||
| 245 | 1 |
_aIntegral transforms and its application _cby M.C. Goyal |
|
| 250 | _a | ||
| 260 |
_aJaipur _bRamesh Book _c2010 |
||
| 300 | _aVP | ||
| 490 |
_a _v |
||
| 500 | _a | ||
| 600 | _a | ||
| 610 | _a | ||
| 611 | _a | ||
| 630 | _a | ||
| 650 | _a | ||
| 651 | _a | ||
| 654 | _a | ||
| 690 | _aIntegral transforms | ||
| 700 |
_aBhargava, Neelam _b _c |
||
| 710 |
_a _b _c |
||
| 711 | _a | ||
| 720 | _a | ||
| 730 | _a | ||
| 740 | _a | ||
| 752 | _a | ||
| 856 |
_a _d _f |
||
| 904 | _a | ||
| 964 |
_a _b _c _d _e _f _g |
||
| 965 | _a | ||
| 999 |
_c5232 _d5232 |
||